Responses for Show #4241 - Monday, January 27, 2003

Contestants

[<< previous game]

Laura Ellis, an editor from Columbus, Ohio

Andrew Rogers, a laboratory technologist from Katy, Texas

Gabrielle DeBarros, a writer and stay-at-home mom from Burbank, California (whose 1-day cash winnings total $8,000)

[next game >>]

Jeopardy! Round responses

IN THE MEDICINE CHEST
(Alex: Things you'd find there.)
CLASSIC SITCOM EPISODES
(Alex: You have to identify the sitcom.)
CAR TREK
QUOTES
HEY, ABBOT!
GIMME A "G"!
    $200 22
Pepto-Bismol

Laura
    $200 1
(Andrew: Who are "The Monsters"?)
...
(Alex: [At the first break] Andrew, we checked the tape and you said "Monsters".)

The Munsters

Andrew
Triple Stumper
    $200 6
Model T

Andrew
    $200 14
David

Gabrielle
    $200 13
Christmas

Laura
    $200 8
the grindstone

Laura
    $400 23
Secret

Gabrielle
    $400 2
The Jeffersons

Andrew
    $400 7
Volkswagen Beetle/Bug

Laura
    $400 15
Will Rogers

Andrew
    $400 27
(Gabrielle: What is 30?)
...
[The end-of-round signal sounds.]

25

Gabrielle
Triple Stumper
    $400 9
Paul Gauguin

Gabrielle
    $600 24
(Alex: With a minute to go now.)

contact lenses

Laura
    $600 3
Welcome Back, Kotter

Andrew
    $600 16
Saturn

Laura
    $600 17
wild turkey

Laura
    $600 10
gastropod

Laura
    $3,400 25
(Laura: I don't know.)

Noxzema

Laura
    $800 4
Three's Company

Andrew
    $800 20
Le Mans

Andrew
    $800 18
a dangerous thing

Gabrielle
    $800 11
Genesis or Galatians

Gabrielle
    $1000 26
glucosamine

Gabrielle
    $1000 5
(Alex: Hey, you found your niche, but you've used up all the clues!)

WKRP in Cincinnati

Andrew
    $1000 21
(Andrew: Who was Shelby?)

John DeLorean

Andrew
Triple Stumper
    $1000 19
Earl Warren

Andrew
    $1000 12
Glengarry Glen Ross

Gabrielle

Scores at the first commercial break (after clue 15):

Gabrielle Andrew Laura
$2,400 $3,200 $1,400

Scores at the end of the Jeopardy! Round:

Gabrielle Andrew Laura
$4,200 $4,000 $0

Double Jeopardy! Round responses

U.S. NATIONAL PARKS
GOLF TALK
AUTOBIOGRAPHERS
LANGUAGES
"C" CREATURES
NAME IN COMMON
    $400 26
Black Hills

Andrew
    $400 1
fairway woods

Triple Stumper
    $400 21
Ava Gardner

Gabrielle
    $400 4
Hawaiian

Andrew
    $400 7
cougar

Laura
    $400 14
Rose (Rose Kennedy & Tokyo Rose)

Andrew
    $800 27
Yellowstone

Laura
    $800 2
eagle

Andrew
    $800 22
(Laura: Who is Loretta Lynn?)

Tammy Wynette

GabrielleLaura
    $800 5
Sanskrit

Gabrielle
    $800 8
crocodile

Gabrielle
    $800 15
Rock (the Rock & Rock Hudson)

Andrew
    $1200 28
(Andrew: What are the Grand Tetons?)
...
[The end-of-round signal sounds.]

Sierra Nevadas

Andrew
Triple Stumper
    $1,500 3
(Andrew: What is an invasion?)

fade

Andrew
    $1200 23
(Alex: Minute to go.)

Billie Holiday

Laura
    $1200 6
Russian

Laura
    $1200 9
camel

Andrew
    $1200 16
Riggs

Gabrielle
    $1600 18
links

Triple Stumper
    $1,000 24
(Laura: Mark Twain?)

Edgar Lee Masters

Laura
    $1600 12
Mandarin

Andrew
    $1600 10
caribou

Andrew
    $1600 17
Thompson

Laura
    $2000 19
(Andrew: What is a lie?)

lag

Andrew
Triple Stumper
    $2000 25
(Alex: You're too young to remember, but I interviewed her once.)

Xaviera Hollander

Triple Stumper
    $2000 13
Burundi

Gabrielle
    $2000 11
chinchilla

Gabrielle
    $2000 20
(Andrew: What is Peter?)

Gabriel

GabrielleAndrew

Scores at the end of the Double Jeopardy! Round:

Gabrielle Andrew Laura
$14,200 $4,500 $3,400
(lock game)

[wagering suggestions for these scores]

Final Jeopardy! Round responses

THE TOWER OF LONDON
(Alex: This is a video clue and will be given by Cheryl.)
LauraWho Anne Bolyen
$3,400
AndrewWho was Ann Boleyn?
$3,500
GabrielleWho was Anne Boleyn?
$1,800
Anne Boleyn

Final scores:

Gabrielle Andrew Laura
$16,000 $8,000 $6,800
2-day champion: $24,000 2nd place: $2,000 3rd place: $1,000

Game dynamics:

Coryat scores:

Gabrielle Andrew Laura
$14,200 $6,000 $7,800
15 R,
1 W
16 R,
6 W
(including 1 DD)
13 R,
3 W
(including 2 DDs)

Combined Coryat: $28,000

[game clues] [game scores] [suggest correction]

Game tape date: 2002-10-29
The J! Archive is created by fans, for fans. Scraping, republication, monetization, and malicious use prohibited; this site may use cookies and collect identifying information. See terms. The Jeopardy! game show and all elements thereof, including but not limited to copyright and trademark thereto, are the property of Jeopardy Productions, Inc. and are protected under law. This website is not affiliated with, sponsored by, or operated by Jeopardy Productions, Inc. Join the discussion at JBoard.tv.